| 000 | 00378cam a2200145ua 4500 | ||
|---|---|---|---|
| 041 |
_aeng _h |
||
| 082 |
_a631.3473 _bIND/ME |
||
| 100 | _aIndian Standard Institution, . | ||
| 245 | 0 | 0 | _aMethods for calibration of sprayers,IS:11429-1985 |
| 260 |
_aNew Delhi : _bIndian Standards Institution , _c1986. |
||
| 300 | _a8 ; . | ||
| 504 | _a | ||
| 942 | _cBK | ||
| 999 |
_c4534 _d4534 |
||